000 00680nam a2200217Ia 4500
005 20241129110236.0
008 241129s9999||||xx |||||||||||||| ||und||
020 _a978-0-19-286635-6
037 _aTB
040 _aARTS
_beng
_cARTS
041 _aeng
_2eng
084 _aV41:196(X).P1 R2
_qARTS
100 _aJenkins Rhyts Au.
_9727557
245 0 _aHow China is reshaping the global economy: development impacts in Africa and Latin America
_cJenkins Rhyts Au.
260 _aOxford, UK
_bOxford University Press
_c2023
300 _axvi,448p.
365 _aINR
_b1495
650 _aHistory-China
942 _cTB
_hV41:196(X).P1 R2
999 _c1227856
_d1227856